Niall Horan - Dinner Party - All lyrics - Statistics

General Stats
  • This quiz has been taken 25 times
  • The average score is 132 of 191
Answer Stats
Answer % Correct
a
95%
me
95%
dinner
89%
I
89%
party
89%
you
89%
at
79%
be
79%
met
79%
Yeah,
79%
(Yeah,
79%
when
74%
And
68%
so
68%
So
68%
the
68%
up
68%
We
68%
with
68%
2
63%
before
63%
boxes
63%
coffee
63%
first
63%
it
63%
I've
63%
lights
63%
never
63%
on
63%
One
63%
our
63%
saw
63%
teeth
63%
to
63%
a.m.
58%
Behind
58%
Chandeliers,
58%
closed
58%
doors
58%
felt
58%
for
58%
games
58%
I'm
58%
Ooh,
58%
ooh
58%
(Ooh)
58%
Picking
58%
Playing
58%
things
58%
Things
58%
was
58%
who
58%
your
58%
concrete
53%
Crashing
53%
done
53%
kiss
53%
looking
53%
neck,
53%
somebody
53%
were
53%
we've
53%
would
53%
fun
47%
leave
47%
played
47%
discreet
42%
forks
42%
hey)
42%
(Hey,
42%
hey,
42%
just
42%
Knives,
42%
of
42%
sure
42%
as
37%
drunk,
37%
hell,
37%
loud
37%
piss
37%
typical
37%
Bout
32%
fought
26%
No matching quizzes found
Score Distribution
Percent of People with Each Score
Percentile by Number Answered
Your Score History
You have not taken this quiz